Zákon Č. 311/2001 Z.z. z 2. júla 2001 Zákonník práce ...

Zákon Č. 311/2001 Z.z. z 2. júla 2001 Zákonník práce v znení Zákona Č. 165/2002 Z.z., Zákona Č. 408/2002 Z.z. a Zákona z 21. mája 2003 + Dôvodová správa k novele Zákonníka práce.

Salvato in:
Dettagli Bibliografici
Natura: Capitolo di libro
Lingua:slovacco
Soggetti:
Tags: Aggiungi Tag
Nessun Tag, puoi essere il primo ad aggiungerne!!

MARC

LEADER 00000naa a2200000 4500
001 r049276
005 20230927071914.3
041 0 |a slo 
044 |a SK 
245 1 0 |a Zákon Č. 311/2001 Z.z. z 2. júla 2001 Zákonník práce ... 
520 |a Zákon Č. 311/2001 Z.z. z 2. júla 2001 Zákonník práce v znení Zákona Č. 165/2002 Z.z., Zákona Č. 408/2002 Z.z. a Zákona z 21. mája 2003 + Dôvodová správa k novele Zákonníka práce. 
610 2 0 |a zákonník práce 
610 2 0 |a novelizácia 
610 2 0 |a právo pracovné